Регионална библиотека "Любен Каравелов" - Русе

История на българската средновековна литература (Запис номер 130799)

MARC детайли
000 -Лидер
Контролно поле с фиксирана дължина 01979nam a2200397 c 4500
003 - Код на организацията, давaща контролен номер
Контролно поле BLK
005 - Дата и час на последна редакция
Контролно поле 20240704113029.0
008 - Елементи от данни с фиксирана дължина
fixed length control field 180409b bul|||||r ||||||| ||bul||
010 ## - Наследен системен номер
LC control number KNG00136590000
020 ## - Международен стандартен номер на книга ISBN
Международен стандартен номер на книга ISBN 978-954-321-466-2
-- издат.: Изток-Запад
040 ## - Източник на каталожния запис
Идентификатор на билиотеката - собственик на записа BLK
041 ## - Код за език
Код за езика на текст/звукозапис или на отделно заглавие Български
Код за езика КДБФ Български
072 #7 - Код за тематичната категория
Код организация bullib
Код за тематична категория Н82
Текст Литературознание Н
080 ## - УДК
Текстов определител УДК Българска литература
УДК код - определител по УДК 821.163.2
УДК определител (091)
УДК - код + определител 821.163.2(091)
100 1# - Редна дума - Автор
Автор Ангушева, Аделина
R(LIN) 374211
139 ## - Редно поле
Редна дума История на българската средновековна литература
Авторски знак Истор - И 95
245 10 - Сведения за заглавието
Заглавие История на българската средновековна литература
Редно поле (дума) състав. Анисава Любенова Милтенова; Аделина Ангушева.
250 ## - Област на изданието
Сведения за изданието 2. прераб. изд.
257 ## - Страна на издаване
Страна на създаване/издаване България
260 ## - Област на издателските данни
-- София
Име на издателя, разпространителя и проч. Изток-Запад
Година на издаване 2008
300 ## - Физическа характеристика
Страници 776 с.
Илюстрации и др. с ил.
Размери/Мащаб 25 см
380 ## - Жанр
Жанр Литературознание
500 ## - Общи забележки
Забележка Други авт. : Д. Атанасова, А. Бояджиев, Н. Гагова, М. димитрова, М. Йовчева, А. милтенова, Т. Славова, А. Стойкова, Л. Тасева. - Именен показалец. - Библиогр. след отд. раздели.
650 #4 - Допълнително описание по предмет – тема
Основно описание – тема или топоним Българска литература, средновековна - история
9 (RLIN) 322399
653 ## - Ключова дума – ненормативна
Ключова дума българска литература
653 ## - Ключова дума – ненормативна
Ключова дума средновековна литература
653 ## - Ключова дума – ненормативна
Ключова дума история на литературата
659 ## - Тематичен бюлетин
Тематичен бюлетин Н
700 1# - Други автори (авторска отговорност)
Лично име Милтенова, Анисава Любенова
Автороска отговорност (Описва отношението между автора и произведението) състав.
9 (RLIN) 363606
852 ## - Местоположение
Форматна сигнатура Цб 257200
856 4# - Електронен адрес и достъп
Електронен формат pdf - файл
Път до файла /url/
856 4# - Електронен адрес и достъп
Електронен формат pdf - файл
Път до файла /url/
942 ## - АРТИКУЛИ
Вид на библиотечния материал Книги
Скрит в OPAC Не
Koha issues (borrowed), all copies 4
944 ## - СЪЗДАВАНЕ И РЕДАКЦИЯ на ЗАПИСА
Създаване/Редакция Създаване
Дата на регистрацията/редакция 18.10.2012
Статус, дата на статуса Силвия Димитрова
Служител, извършил регистрацията/редакцията 30538
944 ## - СЪЗДАВАНЕ И РЕДАКЦИЯ на ЗАПИСА
Създаване/Редакция Редакция
Дата на регистрацията/редакция 15.03.2016
Статус, дата на статуса ф /
Служител, извършил регистрацията/редакцията Людмила_Стоянова
999 ## - СИСТЕМНИ КОНТРОЛНИ НОМЕРА
Koha biblionumber 130799
Koha biblioitemnumber 130799
Наличности
Код за отписване Код за изгубен артикул Източник на класификационната схема Код за повреда Коз за рестрикции Код за отдаване Артикулен № Име на библиотеката - собственик Име на библиотеката, в която се намира в момента Статус (Текущо местоположение) Дата на вписване в системата Местоположение - отдел Цена в лева Инвентарен номер Систематично азбучна сигнатура Баркод Номер на екземпляра Цена в евро Служебна бележка Служебен тип на артикула
  Не е изгубен Universal Decimal Classification Не е повреден без рестрикции ползва се в читалня 213037 Регионална библиотека "Любен Каравелов" Русе Регионална библиотека "Любен Каравелов" Русе Читалня 2012-11-25 Читалня 39.00 120000761486 Ч 821.163.2.09/И 95 120000761486 1 19.94 Дост: Pk Вид: Ф N: 321 Дата: 19.11.2012 Дата инв: 27.03.2017 Бележки инв: Ч2017 Книги
  Не е изгубен Universal Decimal Classification Не е повреден без рестрикции заемане за дома 213038 Регионална библиотека "Любен Каравелов" Русе Регионална библиотека "Любен Каравелов" Русе Заемна - подръчен фонд 2012-12-11 Заемна - подръчен фонд 27.30 120000762147 821.163.2.09/И 95 120000762147 2 13.96 Дост: Pk Вид: Ф N: 3696 Дата: 05.12.2012 Дата инв: 15.02.2018 Бележки инв: П2018 Книги
  Не е изгубен Universal Decimal Classification Не е повреден без рестрикции заемане за дома 213039 Регионална библиотека "Любен Каравелов" Русе Регионална библиотека "Любен Каравелов" Русе Заемна - подръчен фонд 2012-12-11 Заемна - подръчен фонд 27.30 120000762148 821.163.2.09/И 95 120000762148 3 13.96 Дост: Pk Вид: Ф N: 3696 Дата: 05.12.2012 Дата инв: 07.02.2018 Бележки инв: П2018 Книги
  Не е изгубен   Не е повреден без рестрикции ползва се в читалня 213040 Регионална библиотека "Любен Каравелов" Русе Регионална библиотека "Любен Каравелов" Русе Хранилище 2014-06-03 Хранилище 39.00 120000777747 Цб 257200 120000777747 4 19.94 Дост: Dp Вид: Д N: 31 Дата: 22.07.2013 Книги
Vip Innovations Ltd, Rousse, Bulgaria 2025